|
|
|
|
| LEADER |
00000nab a2200000 a 4500 |
| 001 |
vtls010581917 |
| 003 |
SK-MaSNL |
| 005 |
20260429170405.0 |
| 008 |
140311c2013 xo r 000 00slo |
| 015 |
|
|
|a SNBRA2014/03SVKPO
|
| 038 |
|
|
|a SVKPO
|
| 040 |
|
|
|a SVKPOCL
|b slo
|c SVKPOCL
|e AACR2
|
| 041 |
0 |
|
|a slo
|b eng
|
| 044 |
|
|
|a xo
|c SK
|
| 080 |
|
|
|a 17
|2 2001
|
| 080 |
|
|
|a 32:17
|2 2001
|
| 080 |
|
|
|a 177
|2 2001
|
| 080 |
|
|
|a 316.647.5
|2 2001
|
| 080 |
|
|
|a 172
|2 2001
|
| 080 |
|
|
|a 1-051
|2 2001
|
| 080 |
|
|
|a 929 Machiavelli, Nicoló
|2 2001
|
| 080 |
|
|
|a (048.8)
|2 2001
|
| 100 |
1 |
|
|a Vašková, Veronika
|4 aut
|9 353764
|
| 245 |
1 |
0 |
|a Dvojaká morálka v tvorbe Machiavelliho a problém tolerancie
|c Veronika Vašková
|
| 504 |
|
|
|a Bibliogr. odkazy
|
| 546 |
|
|
|a Abstr. angl.
|
| 600 |
1 |
7 |
|a Machiavelli, Niccolò,
|d 1469-1527
|2 svkpocl
|
| 650 |
0 |
7 |
|a etika
|2 svkpocl
|9 792
|
| 650 |
0 |
7 |
|a morálka a spoločnosť
|2 svkpocl
|9 49837
|
| 650 |
0 |
7 |
|a politika a morálka
|2 svkpocl
|9 661582
|
| 650 |
0 |
7 |
|a tolerancia
|2 svkpocl
|9 4740
|
| 655 |
|
7 |
|a štúdie
|2 svkpocl
|9 57033
|
| 773 |
0 |
|
|t Idea tolerancie I : jej multikultúrne východiská, dimenzie, limity a ich interdisciplinárne (filozofické, teologické a politologické) reflexie / [Rudolf Dupkala, Irina Dudinská, Pavol Halčin (eds.)]
|d Prešov : Prešovská univerzita, Filozofická fakulta, 2013
|g S. 119-126
|z 978-80-555-0868-9
|
| 852 |
|
|
|a SVKPO
|b KIS3GCP
|
| 958 |
|
|
|a SK
|
| 958 |
|
|
|a NB
|
| 999 |
|
|
|c 3292713
|d 3294643
|